| 000 | 01176cam a22003255i 4500 | ||
|---|---|---|---|
| 999 |
_c14031 _d14031 |
||
| 001 | 15925654 | ||
| 003 | EG-ScBUE | ||
| 005 | 20200108115945.0 | ||
| 008 | 090929s2009 enka f b 001 0 eng d | ||
| 020 | _a9780230220676 (pbk.) | ||
| 020 | _a0230220673 (pbk.) | ||
| 040 |
_aEG-ScBUE _beng _erda _cEG-ScBUE _dEG-ScBUE |
||
| 082 | 0 | 4 |
_a808.42 _bGOD _222 |
| 100 | 1 |
_aGodwin, Janet, _d1956- _eauthor. _914422 |
|
| 245 | 1 | 0 |
_aPlanning your essay / _cJanet Godwin. |
| 264 | 1 |
_aHampshire ; _aNew York : _bPalgrave Macmillan, _c2009. |
|
| 300 |
_ax, 113 pages : _billustrations ; _c19 cm. |
||
| 336 |
_2rdacontent _atext _btxt |
||
| 337 |
_2rdamedia _aunmediated _bn |
||
| 338 |
_2rdacarrier _avolume _bnc |
||
| 490 | 0 | _aPocket study skills | |
| 504 | _aIncludes bibliographical references and index. | ||
| 590 | _aريهام | ||
| 650 | 7 |
_aEssay _xAuthorship _xStudy and teaching. _2BUEsh _914423 |
|
| 650 | 7 |
_aEnglish language _xWriting _xStudy and teaching. _2BUEsh _914424 |
|
| 653 |
_bHHUUEENN _cJanuary2020 |
||
| 655 | _vReading book | ||
| 942 |
_2ddc _cBB |
||